000
00271pam a2200121 a 4500
020
_c
041
_a
eng
100
_a
Srinath.L.S.
245
_a
Pert And CPM
_h
Textual Documents
260
_a
[s.l]:
_b
Affllated East-West Press Pvt.Ltd
300
_a
202p.
930
_a
14171
999
_c
91071
_d
91071